00363nam a2200157Ia 45000010006000000050017000060080041000230410008000640820016000721000035000882450029001232600009001523000028001616500008001896540008001971637020260306170304.0260306t2015||||xx |||||||||||||| ||und|| aESP a348.54bZ17 aZaffaroni, Eugenio RaúleAUT 0aLa pachamama y el humano c2015 a158 páginas :c20 cm. aGEN aCDE